Countries with the Most Native Americans - Statistics

General Stats
  • This quiz has been taken 117 times
  • The average score is 9 of 10
Answer Stats
Answer % Native American % Correct
3. Peru 26%
98%
5. Mexico 20%
95%
1. Bolivia 66%
93%
2. Guatemala 44%
93%
4. Ecuador 25%
92%
8. Chile 10%
90%
10. Honduras 8%
87%
6. Panama 12%
85%
7. Belize 17%
84%
9. Guyana 9%
77%
No matching quizzes found
Score Distribution
Percent of People with Each Score
Percentile by Number Answered
Your Score History
You have not taken this quiz